000 00311 a2200109 4500
001 ART_5874
005 20260410161618.0
008 260409a
245 1 0 _aAsociación Europea De Contabilidad (EAA)
100 1 _aGarcía Fronti, Inés M.
773 0 _tEnfoques
_g- Nº 8 (ago. 2007)
_wREV416
999 _c11259
_d11259